Indian economics Vol I (Record no. 125920)

MARC details
000 -LEADER
fixed length control field 00481nam a2200205Ia 4500
003 - CONTROL NUMBER IDENTIFIER
control field OSt
005 - DATE AND TIME OF LATEST TRANSACTION
control field 20230306144933.0
008 - FIXED-LENGTH DATA ELEMENTS--GENERAL INFORMATION
fixed length control field 210210b1939 xxu||||| |||| 00| 0 eng d
040 ## - CATALOGING SOURCE
Transcribing agency AL
041 ## - LANGUAGE CODE
Language code of text/sound track or separate title eng
082 ## - DEWEY DECIMAL CLASSIFICATION NUMBER
Classification number 335/168
100 ## - MAIN ENTRY--PERSONAL NAME
Personal name JATHER
9 (RLIN) 74246
245 ## - TITLE STATEMENT
Title Indian economics Vol I
260 ## - PUBLICATION, DISTRIBUTION, ETC.
Place of publication, distribution, etc. London
Name of publisher, distributor, etc. Oxford University Press
Date of publication, distribution, etc. 1939
440 ## - SERIES STATEMENT/ADDED ENTRY--TITLE
Title 1
9 (RLIN) 74247
690 ## - LOCAL SUBJECT ADDED ENTRY--TOPICAL TERM (OCLC, RLIN)
Topical term or geographic name as entry element Indian Economics
9 (RLIN) 74248
700 ## - ADDED ENTRY--PERSONAL NAME
Personal name BERI
9 (RLIN) 74249
906 ## - LOCAL DATA ELEMENT F, LDF (RLIN)
a 004511
942 ## - ADDED ENTRY ELEMENTS (KOHA)
Source of classification or shelving scheme Dewey Decimal Classification
Koha item type Book
Holdings
Withdrawn status Lost status Source of classification or shelving scheme Damaged status Not for loan Collection code Home library Current library Date acquired Cost, normal purchase price Total Checkouts Full call number Barcode Date last seen Price effective from Koha item type
    Dewey Decimal Classification     Economics St Aloysius Library St Aloysius Library 02/17/2021 0.00   335/162 004505 02/17/2021 02/17/2021 Book
    Dewey Decimal Classification     Economics St Aloysius Library St Aloysius Library 02/17/2021 0.00   335/164 004507 02/17/2021 02/17/2021 Book
    Dewey Decimal Classification     Economics St Aloysius Library St Aloysius Library 02/17/2021 0.00   335/165 004508 02/17/2021 02/17/2021 Book
    Dewey Decimal Classification     Economics St Aloysius Library St Aloysius Library 02/17/2021 0.00   335/166 004509 02/17/2021 02/17/2021 Book
    Dewey Decimal Classification     Economics St Aloysius Library St Aloysius Library 02/17/2021 0.00   335/167 004510 02/17/2021 02/17/2021 Book
    Dewey Decimal Classification     Economics St Aloysius Library St Aloysius Library 02/17/2021 0.00   335/168 004511 02/17/2021 02/17/2021 Book